| 000 | 00561nam a2200229 a 4500 | ||
|---|---|---|---|
| 999 |
_c5132 _d5132 |
||
| 001 | 5132 | ||
| 003 | BD-JhCC | ||
| 005 | 20180305190939.0 | ||
| 008 | 171209b aca |||| || | 000 0 eng d | ||
| 035 | _a(BD-JhCC)5132 | ||
| 040 |
_aBD-JhCC _dBD-JhCC |
||
| 041 | _aeng | ||
| 082 |
_a823 _bAGE 1955 |
||
| 245 |
_aThe Age of Chaucer / _cBoris Ford (Editor) |
||
| 250 | _a2nd ed. | ||
| 260 |
_aVictoria : _bPenguin Books, _c1955. |
||
| 300 |
_a368 p. : _c20 cm. |
||
| 650 | _aEnglish Literature | ||
| 700 | _aFord, Boris | ||
| 942 |
_2ddc _cBK |
||